000 00513nam a22001817a 4500
005 20180327125156.0
010 _aENG-122414
020 _c750.00
_a9788193027721
035 _aEN-105946
037 _bDBAD/PUB
082 _a181.45
100 _aBhardwaj, Umesh
245 _aHinduism :
_cby Umesh Bhardwaj
_bBhakti Yoga /
260 _aAllahabad
_bOm Publication
_c2016
270 _bAllahabad
_e211003
_a59, Pandariba
300 _a272p.
_c23cm.(Hb)
_bill.
942 _2ddc
_cEN
_mBHA
_h181.45
999 _c150576
_d150576